[Event "64th ch-RUS HL w 2014"]
[Site "Vladivostok RUS"]
[Date "2014.06.07"]
[Round "4.10"]
[White "Belenkaya,D"]
[Black "Averchenko,Ekaterina"]
[Result "1-0"]
[WhiteElo "2235"]
[BlackElo "2199"]
[EventDate "2014.06.04"]

1. e4 c5 2. Nf3 Nf6 3. e5 Nd5 4. Nc3 e6 5. Nxd5 exd5 6. d4 Nc6 7. dxc5 Bxc5 8.
Bd3 d6 9. exd6 Bxd6 10. Qe2+ Qe7 11. Qxe7+ Bxe7 12. Bf4 O-O 13. O-O-O Bc5 14.
Bg3 Bg4 15. Be2 Rfd8 16. Nd4 Nxd4 17. Bxg4 f5 18. Bh5 g5 19. f4 g4 20. Rhe1 Rd6
21. Re5 Rf8 22. Be8 Ra6 23. Kb1 Nc6 24. Rexd5 Rxe8 25. Rxc5 Re2 26. Rxf5 Rxg2
27. a3 Ra4 28. Rb5 Rc4 29. c3 b6 30. Rd7 Re4 31. Rc7 Na5 32. Rd5 Re8 33. Ka2 a6
34. Rg5+ Kf8 35. f5 Rd8 36. Rxg4 Re2 37. Bf4 Re7 38. Rxe7 Kxe7 39. Bg5+ 1-0

[Event "64th ch-RUS HL w 2014"]
[Site "Vladivostok RUS"]
[Date "2014.06.07"]
[Round "4.11"]
[White "Zaiatz,E"]
[Black "Dogodkina,J"]
[Result "1-0"]
[WhiteElo "2408"]
[BlackElo "2183"]
[EventDate "2014.06.04"]

1. d4 d5 2. Nf3 Nf6 3. e3 g6 4. c4 c6 5. Nc3 Bg7 6. Bd3 O-O 7. O-O e6 8. Qe2
Nbd7 9. Rd1 Nh5 10. e4 dxe4 11. Qxe4 Qc7 12. Bc2 b6 13. Qh4 Ba6 14. g4 Nhf6 15.
b3 c5 16. Be3 Bb7 17. Ng5 cxd4 18. Bxd4 h6 19. Nge4 Qc6 20. f3 Nxe4 21. Bxe4
Bxd4+ 22. Rxd4 Qc5 23. Rd1 Bxe4 24. Nxe4 Ne5 25. Kg2 Qc6 26. Qxh6 f6 27. Nxf6+
Kf7 28. Qh7+ 1-0

[Event "64th ch-RUS HL w 2014"]
[Site "Vladivostok RUS"]
[Date "2014.06.07"]
[Round "4.12"]
[White "Grigorian,Mar"]
[Black "Ovod,E"]
[Result "0-1"]
[WhiteElo "2114"]
[BlackElo "2342"]
[EventDate "2014.06.04"]

1. e4 c5 2. Nc3 a6 3. g3 b5 4. Bg2 Bb7 5. d3 e6 6. f4 d5 7. e5 Ne7 8. Nf3 Nf5 9.
O-O h5 10. Bd2 Nc6 11. Ne2 Qb6 12. c3 d4 13. a4 dxc3 14. bxc3 Rd8 15. axb5 axb5
16. Qc2 Rxd3 17. c4 Nb4 18. Bxb4 cxb4+ 19. Kh1 Rd7 20. c5 Bxc5 21. Rfc1 Be7 22.
Qa2 Ne3 23. Qa5 Qxa5 24. Rxa5 Nxg2 25. Kxg2 Rd3 26. Ng1 Kd7 27. Rxb5 Bc6 28. Rb6
Rc8 29. Kf2 Bxf3 30. Rxc8 Kxc8 0-1

[Event "64th ch-RUS HL w 2014"]
[Site "Vladivostok RUS"]
[Date "2014.06.07"]
[Round "4.13"]
[White "Dordzhieva,D"]
[Black "Shaydullina,S"]
[Result "1/2-1/2"]
[WhiteElo "2237"]
[BlackElo "2135"]
[EventDate "2014.06.04"]

1. d4 Nf6 2. c4 e6 3. Nf3 d5 4. e3 b6 5. b3 Bb7 6. Bd3 Bd6 7. Bb2 O-O 8. O-O
Nbd7 9. Nbd2 Ne4 10. Qe2 f5 11. Ne5 Rf6 12. f3 Nxd2 13. Qxd2 Rh6 14. g3 Nxe5 15.
dxe5 Bc5 16. cxd5 Qxd5 17. Rad1 Qd8 18. b4 Bf8 19. Qe2 Qg5 20. Bc3 a5 21. f4 Qg6
22. bxa5 Rh3 23. Qf2 bxa5 24. Rfe1 Bc5 25. Bf1 Rh6 26. Bg2 Bxg2 27. Qxg2 Qe8 28.
Rd3 g5 29. Bd4 Be7 30. Red1 Rb8 31. Ba7 Rc8 32. Rd7 gxf4 33. exf4 c5 34. Qb7 Bf8
35. Bb6 Rb8 36. Qc6 c4 37. Bc7 Rc8 38. Qf3 c3 39. Qxc3 Qh5 40. R1d2 Bb4 41. Rd8+
Rxd8 42. Rxd8+ Kf7 43. Rd7+ Kg6 44. Qc2 Bc5+ 45. Kh1 Qf3+ 46. Qg2 Rxh2+ 47. Kxh2
Qh5+ 48. Qh3 Qe2+ 49. Qg2 Qh5+ 50. Qh3 Qe2+ 51. Qg2 Qh5+ 52. Qh3 Qe2+ 1/2-1/2

[Event "64th ch-RUS HL w 2014"]
[Site "Vladivostok RUS"]
[Date "2014.06.07"]
[Round "4.15"]
[White "Solovyova,Anastasia"]
[Black "Ambartsumova,K"]
[Result "0-1"]
[WhiteElo "1878"]
[BlackElo "2331"]
[EventDate "2014.06.04"]

1. d4 Nf6 2. c4 d6 3. Nc3 e5 4. dxe5 dxe5 5. Qxd8+ Kxd8 6. Bg5 Nd7 7. O-O-O c6
8. e4 Kc7 9. f3 a5 10. Nge2 Ne8 11. Kc2 a4 12. Be3 Nc5 13. Nc1 Be6 14. f4 exf4
15. Bxf4+ Kb6 16. Be2 Nf6 17. Rd4 Be7 18. Rhd1 Rhe8 19. h3 Nfd7 20. Be3 Ne5 21.
b4 axb3+ 22. axb3 Kc7 23. R4d2 f6 24. Kb1 Bf7 25. Bf3 Ra3 26. Ra2 Rxa2 27. Kxa2
Ra8+ 28. Kb1 Ra3 29. Kb2 Nxb3 30. Bf4 Nxc1 31. Rxc1 Bxc4 32. Nb1 Ra2+ 33. Kc3 b5
34. Nd2 Be6 35. Bd1 Kb6 36. Nb3 b4+ 37. Kd4 Ra3 38. Ra1 0-1

[Event "64th ch-RUS HL w 2014"]
[Site "Vladivostok RUS"]
[Date "2014.06.07"]
[Round "4.16"]
[White "Kostitsina,L"]
[Black "Chkhan,V"]
[Result "1-0"]
[WhiteElo "2101"]
[BlackElo "2050"]
[EventDate "2014.06.04"]

1. e4 d6 2. d4 Nf6 3. Nc3 g6 4. Be3 Bg7 5. f3 c6 6. Qd2 Qa5 7. Nge2 b5 8. g4
Nbd7 9. Bg2 Nb6 10. b3 h5 11. g5 Nfd7 12. h4 c5 13. O-O b4 14. Nd1 Ba6 15. Rf2
O-O 16. Nb2 Rac8 17. Nd3 e5 18. d5 Nxd5 19. exd5 e4 20. Rd1 exd3 21. cxd3 Rfe8
22. f4 Re7 23. f5 gxf5 24. Ng3 f4 25. Bxf4 Bc3 26. Qc2 Rce8 27. Be4 Ne5 28. Nxh5
Bd4 29. Nf6+ Kh8 30. Kh1 Bc8 31. Rg2 1-0

[Event "64th ch-RUS HL w 2014"]
[Site "Vladivostok RUS"]
[Date "2014.06.07"]
[Round "4.17"]
[White "Khokhlova,Daria"]
[Black "Mikhailova,L"]
[Result "1/2-1/2"]
[WhiteElo "2020"]
[BlackElo "2049"]
[EventDate "2014.06.04"]

1. d4 Nf6 2. c4 g6 3. g3 Bg7 4. Nc3 d5 5. cxd5 Nxd5 6. Bg2 c6 7. Nf3 O-O 8. O-O
Nd7 9. Nxd5 cxd5 10. Bf4 Nf6 11. Rc1 Bd7 12. Qb3 Bc6 13. Ne5 Rc8 14. Rc2 Nd7 15.
Nxc6 bxc6 16. Qb4 a5 17. Qd2 Qb6 18. Be3 a4 19. Rfc1 Qb5 20. b3 axb3 21. Rb2 Nb6
22. Rxb3 Nc4 23. Rxb5 Nxd2 24. Rb7 Nc4 25. Rxe7 Rfe8 26. Rxe8+ Rxe8 27. Rc3 Ra8
28. Rc2 Re8 29. Rc3 Ra8 30. Rc2 Re8 31. Rc3 Ra8 32. Rc2 Re8 33. Rc3 1/2-1/2

[Event "64th ch-RUS HL w 2014"]
[Site "Vladivostok RUS"]
[Date "2014.06.08"]
[Round "5.1"]
[White "Girya,O"]
[Black "Kashlinskaya,A"]
[Result "1-0"]
[WhiteElo "2479"]
[BlackElo "2419"]
[EventDate "2014.06.04"]

1. d4 d5 2. Nf3 Nf6 3. c4 c6 4. Nc3 dxc4 5. a4 Bf5 6. e3 e6 7. Bxc4 Bb4 8. O-O
Nbd7 9. Qe2 Bg4 10. Rd1 O-O 11. e4 Qc7 12. Bg5 e5 13. d5 Bxc3 14. d6 Qa5 15.
bxc3 Qxc3 16. Bd2 Qc2 17. Bd3 Qc5 18. Rab1 Qxd6 19. Rxb7 Nb6 20. Be3 Qb4 21. Bc2
Qc3 22. Rc1 Qa3 23. a5 Qxa5 24. Bb3 Qa3 25. Qc2 Bxf3 26. gxf3 Nfd7 27. Rd1 Rab8
28. Rc7 a5 29. Rd3 Qa1+ 30. Rd1 Qa3 31. Rd3 Qa1+ 32. Kg2 Nf6 33. Bc5 a4 34. Ba2
Na8 35. Rxf7 Rxf7 36. Rd1 Qb2 37. Qxb2 1-0

[Event "64th ch-RUS HL w 2014"]
[Site "Vladivostok RUS"]
[Date "2014.06.08"]
[Round "5.2"]
[White "Goryachkina,A"]
[Black "Kovalevskaya,E"]
[Result "1/2-1/2"]
[WhiteElo "2432"]
[BlackElo "2427"]
[EventDate "2014.06.04"]

1. d4 Nf6 2. c4 e6 3. Nc3 d5 4. Bg5 Be7 5. Nf3 O-O 6. e3 h6 7. Bh4 b6 8. Bd3 Bb7
9. O-O Nbd7 10. Rc1 c5 11. cxd5 Nxd5 12. Bg3 N7f6 13. h3 cxd4 14. exd4 Rc8 15.
Ne5 Nxc3 16. bxc3 Ne4 17. Bxe4 Bxe4 18. Re1 Bb7 19. c4 Bf6 20. Qg4 Bxe5 21. Rxe5
Qd7 22. d5 f5 23. dxe6 Qc6 24. Qf3 Qxf3 25. gxf3 Rce8 26. Bf4 Rf6 27. e7 Kf7 28.
Rce1 Bxf3 29. Kh2 Be4 30. h4 Bd3 31. Bc1 Bxc4 32. Bb2 Re6 33. Ba3 Rxe5 34. Rxe5
Kf6 35. f4 Bxa2 36. Kg3 Be6 37. Re1 Kf7 38. Kf2 g6 39. Ke3 Rc8 40. Kd4 Rc4+ 41.
Kd3 Re4 42. Rxe4 fxe4+ 43. Kxe4 a5 44. Ke5 Bd7 45. Bd6 b5 46. Bc7 Kxe7 47. Bxa5 1/2-1/2

[Event "64th ch-RUS HL w 2014"]
[Site "Vladivostok RUS"]
[Date "2014.06.08"]
[Round "5.3"]
[White "Charochkina,D"]
[Black "Gritsayeva,O"]
[Result "0-1"]
[WhiteElo "2377"]
[BlackElo "2340"]
[EventDate "2014.06.04"]

1. d4 Nf6 2. c4 e6 3. Nc3 Bb4 4. Qc2 c5 5. dxc5 Qc7 6. a3 Bxc5 7. b4 Be7 8. Nb5
Qc6 9. e4 a6 10. Nc3 Qc7 11. Nf3 d6 12. Be2 b6 13. g4 h6 14. Rg1 Nbd7 15. Be3
Bb7 16. h4 d5 17. exd5 exd5 18. Nd4 Ne5 19. g5 hxg5 20. hxg5 Ne4 21. Nxd5 Bxd5
22. cxd5 Qxc2 23. Nxc2 Rc8 24. Nd4 b5 25. f3 Nd6 26. Bf4 Ng6 27. Bg3 Kd7 28. f4
Rc3 29. Bg4+ Ke8 30. Ne2 Rd3 31. f5 Nh4 32. Rh1 Ng2+ 33. Kf2 Rxh1 34. Rxh1 Ne3
35. Bf3 Nexf5 36. Rh8+ Kd7 37. Ra8 Nxg3 38. Nxg3 Bxg5 39. Ra7+ Kd8 40. Rxa6 Ke7
41. Ra7+ Kf6 42. Nh5+ Ke5 43. Nxg7 Be3+ 44. Ke2 Rd2+ 45. Ke1 Kf4 46. Rd7 Kxf3
47. Rxd6 Rg2 48. Rf6+ Bf4 49. Kd1 Rxg7 50. d6 Rg6 51. Rxf7 Rxd6+ 52. Kc2 Ke4 53.
a4 bxa4 54. Ra7 Rc6+ 55. Kb1 Kd3 56. Rxa4 Be5 57. b5 Rb6 58. Rb4 Kc3 59. Rb2 Kc4
60. Re2 Rxb5+ 61. Kc2 Bd4 62. Rd2 Bc3 63. Re2 Kd4 64. Kd1 Rb1+ 65. Kc2 Ra1 66.
Re8 Ra2+ 67. Kb3 Rb2+ 68. Ka4 Kc4 69. Rc8+ Kd3 70. Rd8+ Kc2 71. Rd5 Rb4+ 72. Ka3
Rb6 73. Ka4 Rb1 74. Rc5 Rb8 75. Rc6 Rb7 76. Rc5 Rb6 77. Rd5 Rb4+ 78. Ka3 Rc4 79.
Rb5 Rc8 0-1

[Event "64th ch-RUS HL w 2014"]
[Site "Vladivostok RUS"]
[Date "2014.06.08"]
[Round "5.4"]
[White "Pustovoitova,D"]
[Black "Vasilevich,I"]
[Result "1-0"]
[WhiteElo "2336"]
[BlackElo "2338"]
[EventDate "2014.06.04"]

1. d4 Nf6 2. c4 Nc6 3. Nf3 e6 4. a3 d6 5. Nc3 g6 6. e4 Bg7 7. Be2 O-O 8. O-O Re8
9. d5 Ne5 10. Nxe5 dxe5 11. Be3 a6 12. f3 Nh5 13. Qd2 exd5 14. cxd5 Nf4 15. Bc4
Qf6 16. g3 Nh3+ 17. Kg2 Bf8 18. Rac1 g5 19. d6 Bxd6 20. Nd5 Qg6 21. Be2 Rd8 22.
Bc5 Kh8 23. Bxd6 Rxd6 24. Rxc7 Be6 25. Qc3 Qg7 26. Qb4 Rad8 27. Rxb7 Rc6 28. Rb8
Rxb8 29. Qxb8+ Rc8 30. Qb3 Nf4+ 31. gxf4 gxf4+ 32. Kf2 Qh6 33. Ke1 Qxh2 34. Kd2
Rg8 35. Qc3 f6 36. Nxf6 Rc8 37. Qd3 Bc4 38. Ng4 Bxd3 39. Nxh2 Bxe2 40. Rh1 Bb5
41. Ng4 Rd8+ 42. Kc2 Rc8+ 43. Kb3 Bc4+ 44. Kb4 Be2 45. Nxe5 a5+ 46. Ka4 Rc5 47.
Ng6+ Kg8 48. b4 axb4 49. axb4 Rg5 50. Nh4 Rh5 51. Rg1+ Kf7 52. Rg4 Bd1+ 53. Ka3
Ke6 54. Rxf4 Rg5 55. Kb2 Rg3 56. Kc3 Rh3 57. Kd2 Ba4 58. Ke3 Rh1 59. Ng2 Rb1 60.
Rh4 Bd1 61. Rh6+ Kf7 62. Rxh7+ Kg6 63. Rh3 Rxb4 64. Nf4+ Kg7 65. Nd3 Ra4 66. f4
Bc2 67. Rh2 Rc4 68. Rd2 Kf6 69. Nf2 Rc3+ 70. Kd4 Rc8 71. Ng4+ Kg6 72. Ne5+ Kf6
73. Rg2 Bb1 74. Rg6+ Ke7 75. f5 Ra8 76. Re6+ Kf8 77. Nd7+ Kf7 78. Nc5 Rd8+ 79.
Ke3 Rc8 80. Rb6 Bc2 81. Rb7+ Kf6 82. Kf4 1-0

[Event "64th ch-RUS HL w 2014"]
[Site "Vladivostok RUS"]
[Date "2014.06.08"]
[Round "5.5"]
[White "Kovanova,B"]
[Black "Savina,A"]
[Result "1-0"]
[WhiteElo "2406"]
[BlackElo "2397"]
[EventDate "2014.06.04"]

1. c4 g6 2. Nf3 Bg7 3. d4 Nf6 4. Nc3 O-O 5. Bf4 d6 6. h3 c5 7. e3 cxd4 8. exd4
d5 9. c5 Nc6 10. Be2 Ne4 11. O-O Bf5 12. Rc1 Nxc3 13. Rxc3 Be4 14. Ne5 Nxe5 15.
Bxe5 f6 16. Bg3 e5 17. Rb3 Qd7 18. Bb5 Qf7 19. Re1 a6 20. Ba4 Rac8 21. Rb6 exd4
22. Rxe4 Rxc5 23. Bd6 Rc4 24. Re7 1-0

[Event "64th ch-RUS HL w 2014"]
[Site "Vladivostok RUS"]
[Date "2014.06.08"]
[Round "5.6"]
[White "Matveeva,O"]
[Black "Guseva,Marina"]
[Result "1/2-1/2"]
[WhiteElo "2223"]
[BlackElo "2367"]
[EventDate "2014.06.04"]

1. e4 c6 2. d4 d5 3. Nc3 dxe4 4. Nxe4 Bf5 5. Bd3 e6 6. Nf3 Nd7 7. O-O Bg6 8. Re1
Ngf6 9. Nxf6+ Nxf6 10. Ne5 Bd6 11. Bg5 Qc7 12. Bxg6 hxg6 13. Qf3 Nh7 14. Bh4 g5
15. Bg3 O-O 16. Nc4 Bxg3 17. Qxg3 Qxg3 18. hxg3 Rfd8 19. c3 Nf8 20. f3 f6 21.
Kf2 Kf7 22. a4 b6 23. Re2 Rac8 24. b4 Rc7 25. Raa2 Ng6 26. a5 b5 27. Nd2 e5 28.
Nb3 exd4 29. Nxd4 Ne5 30. Rad2 Rcd7 31. f4 gxf4 32. gxf4 Nc4 33. Rc2 Rd6 34. Nf5
Rd5 35. Nd4 Rc8 36. Nb3 g5 37. fxg5 Rxg5 38. Nc5 Rd8 39. Ne6 Rf5+ 40. Kg3 Rg8+
41. Kh2 Ne5 42. Nd4 Rf1 43. Rxe5 fxe5 44. Nxc6 a6 45. Nxe5+ Ke6 46. Nd3 Kd5 47.
Nc5 Kc4 48. Nxa6 Kd3 49. Ra2 Ke3 50. Nc7 Rf5 51. Ra3 Kf2 52. Ra2+ Kf1 53. Ra1+
Ke2 54. Ra2+ Ke3 55. Ra3 Rh5+ 56. Kg1 Rgh8 57. c4+ Ke2 58. Ra2+ Ke1 59. Ra1+ Ke2
60. Ra2+ Ke1 1/2-1/2

[Event "64th ch-RUS HL w 2014"]
[Site "Vladivostok RUS"]
[Date "2014.06.08"]
[Round "5.7"]
[White "Tomnikova,L"]
[Black "Belenkaya,D"]
[Result "1-0"]
[WhiteElo "2172"]
[BlackElo "2235"]
[EventDate "2014.06.04"]

1. e4 c6 2. d4 d5 3. Nc3 dxe4 4. Nxe4 Bf5 5. Ng3 Bg6 6. Nf3 Nd7 7. h4 h6 8. h5
Bh7 9. Bd3 Bxd3 10. Qxd3 e6 11. Bd2 Ngf6 12. O-O-O Be7 13. Kb1 Qb6 14. Ne4 Nxe4
15. Qxe4 Nf6 16. Qe2 Qb5 17. c4 Qf5+ 18. Ka1 Rd8 19. Be3 Ng4 20. Bc1 O-O 21. Nh4
Qxh5 22. f3 Nf6 23. g4 Qa5 24. g5 hxg5 25. Bd2 Bb4 26. Bxb4 Qxb4 27. Nf5 exf5
28. Qh2 Nh5 29. Qxh5 f6 30. Qg6 Rd7 31. a3 Qa5 32. Rde1 Qc7 33. Rh7 Rxd4 34. Qh5
Rh4 35. Rh8# 1-0

[Event "64th ch-RUS HL w 2014"]
[Site "Vladivostok RUS"]
[Date "2014.06.08"]
[Round "5.8"]
[White "Khlichkova,T"]
[Black "Bodnaruk,A"]
[Result "0-1"]
[WhiteElo "2249"]
[BlackElo "2434"]
[EventDate "2014.06.04"]

1. d4 d6 2. Nf3 g6 3. c4 Nf6 4. Nc3 Bg7 5. e4 O-O 6. h3 e5 7. Bg5 exd4 8. Nxd4
Qe8 9. f3 Qe5 10. Be3 c6 11. Qd2 a6 12. O-O-O Rd8 13. g4 b5 14. Bf4 Qe8 15. Bh6
Bh8 16. Nf5 Bxf5 17. exf5 d5 18. Be3 d4 19. g5 Nd5 20. Nxd5 cxd5 21. Bf4 dxc4
22. f6 Nc6 23. h4 h5 24. Bh3 Qf8 25. Rhe1 Qc5 26. Qf2 a5 27. Re4 a4 28. Rde1 a3
29. Bc7 Rf8 30. Be5 axb2+ 31. Kb1 c3 32. Bxd4 Qa3 33. Kc2 Nb4+ 34. Kd1 b1=Q+ 0-1

[Event "64th ch-RUS HL w 2014"]
[Site "Vladivostok RUS"]
[Date "2014.06.08"]
[Round "5.9"]
[White "Schepetkova,M"]
[Black "Zaiatz,E"]
[Result "1-0"]
[WhiteElo "2294"]
[BlackElo "2408"]
[EventDate "2014.06.04"]

1. d4 d5 2. c4 e6 3. Nc3 c6 4. e3 f5 5. Bd3 Nf6 6. Nge2 Bd6 7. f3 O-O 8. Qc2 a6
9. O-O b6 10. Bd2 Qc7 11. e4 dxe4 12. fxe4 Bxh2+ 13. Kh1 Ng4 14. exf5 exf5 15.
Rf3 g6 16. g3 c5 17. Nd5 Qd8 18. Kg2 Nc6 19. Rh1 cxd4 20. Rxh2 Nxh2 21. Kxh2 Ne5
22. Rf1 Bb7 23. Bf4 Ng4+ 24. Kg1 Rc8 25. Qb3 g5 26. Bd2 Ne5 27. Nxb6 Rc5 28. Nd5
Nxd3 29. Qxd3 Bxd5 30. cxd5 Rxd5 31. Qc4 h6 32. Nxd4 Kh7 33. Bc3 Qd6 34. Kg2 Re5
35. Bb4 Qd5+ 36. Qxd5 Rxd5 37. Bxf8 Rxd4 38. Rxf5 1-0

[Event "64th ch-RUS HL w 2014"]
[Site "Vladivostok RUS"]
[Date "2014.06.08"]
[Round "5.10"]
[White "Ovod,E"]
[Black "Travkina,A"]
[Result "1-0"]
[WhiteElo "2342"]
[BlackElo "2191"]
[EventDate "2014.06.04"]

1. d4 Nf6 2. c4 e6 3. Nc3 Bb4 4. e3 O-O 5. Bd3 c5 6. Nf3 d5 7. O-O Nc6 8. a3 Ba5
9. Qb3 dxc4 10. Qxc4 cxd4 11. exd4 h6 12. Bc2 Ne7 13. Bf4 Bd7 14. Be5 Nfd5 15.
Qd3 f5 16. b4 Nxc3 17. Qxc3 Nd5 18. Qb3 Bb6 19. Bd3 Be8 20. a4 Bh5 21. Bc4 Kh7
22. a5 Bc7 23. Bxd5 exd5 24. Rac1 Bxe5 25. Nxe5 b6 26. Rfe1 bxa5 27. Nc6 Qd6 28.
bxa5 Rfe8 29. Rxe8 Rxe8 30. Ne5 Rb8 31. Qd3 Qf6 32. Nd7 Qg5 33. f4 Qxf4 34. Rf1
Qd6 35. Nxb8 Qxb8 36. Qxf5+ Bg6 37. Qxd5 Bd3 38. Re1 Qb4 39. Re8 Qb1+ 40. Kf2
Qf1+ 41. Kg3 Bf5 42. h4 Kg6 43. Qd6+ Kh5 44. Qf4 Qb1 45. Re5 Kg6 46. h5+ Kf6 47.
Kh2 g5 48. hxg6 Kxg6 49. Rd5 h5 50. Rd6+ Kf7 51. Qe5 1-0

[Event "64th ch-RUS HL w 2014"]
[Site "Vladivostok RUS"]
[Date "2014.06.08"]
[Round "5.11"]
[White "Shaydullina,S"]
[Black "Nasybullina,Alfia"]
[Result "1/2-1/2"]
[WhiteElo "2135"]
[BlackElo "2095"]
[EventDate "2014.06.04"]

1. d4 Nf6 2. c4 e6 3. Nf3 d5 4. g3 dxc4 5. Bg2 a6 6. a4 c5 7. O-O Nc6 8. dxc5
Qxd1 9. Rxd1 Bxc5 10. Nbd2 Ng4 11. Ne4 Bb4 12. Bd2 f5 13. Neg5 Bc5 14. Be1 h6
15. Nh3 Ra7 16. Rdc1 b5 17. b3 Nge5 18. Nxe5 Nxe5 19. Bc3 Ng6 20. axb5 axb5 21.
Rxa7 Bxa7 22. bxc4 bxc4 23. Bxg7 Rh7 24. Rxc4 Rxg7 25. Rxc8+ Kd7 26. Ra8 Kd6 27.
Bf3 Bb6 28. Bh5 e5 29. Kf1 Ne7 30. Rf8 Ke6 31. e3 Bc5 32. Rh8 Rg8 33. Rxh6+ Kd7
34. Bf7 Rb8 35. Rf6 Rb6 36. Rxb6 Bxb6 37. Ng5 Kd6 38. h4 Nc6 39. Be6 f4 40. exf4
exf4 41. gxf4 Nd4 42. Bg4 Ke7 43. h5 Bc7 44. Nh3 Kf6 45. Kg2 Bd6 46. Bc8 Bf8 47.
Kg3 Nf5+ 48. Kf3 Nd6 49. Ba6 Nf5 50. Ng5 Bb4 51. Bd3 Nh6 52. Ke4 Ng4 53. Nh7+
Kg7 54. Kf3 Nh6 55. Bg6 Ng8 56. f5 Be7 57. Kf4 Bc5 58. f3 Be7 59. Ke5 Nf6 60.
h6+ Kxh6 61. Nxf6 Bxf6+ 62. Ke6 Kg7 63. f4 Bd4 64. Bh5 Bc3 65. Bd1 Bd4 66. Bb3
Bc3 1/2-1/2

[Event "64th ch-RUS HL w 2014"]
[Site "Vladivostok RUS"]
[Date "2014.06.08"]
[Round "5.12"]
[White "Ambartsumova,K"]
[Black "Dordzhieva,D"]
[Result "1/2-1/2"]
[WhiteElo "2331"]
[BlackElo "2237"]
[EventDate "2014.06.04"]

1. e4 c5 2. Nf3 d6 3. Bb5+ Nc6 4. O-O Bd7 5. c3 Nf6 6. Re1 a6 7. Ba4 b5 8. Bc2
Bg4 9. d3 e6 10. Nbd2 h6 11. h3 Bh5 12. Nf1 Rc8 13. Ng3 Bg6 14. a4 b4 15. Re2
Be7 16. d4 bxc3 17. bxc3 cxd4 18. cxd4 d5 19. e5 Bxc2 20. Rxc2 Ne4 21. Nxe4 dxe4
22. Nd2 Qxd4 23. Bb2 Qd5 24. Nc4 Rd8 25. Qg4 Nb4 26. Ne3 Qb7 27. Qxg7 Nxc2 28.
Qxh8+ Kd7 29. Rd1+ Kc7 30. Rxd8 Bxd8 31. Bc3 Nxe3 32. Ba5+ Kc6 33. Qxd8 Qb1+ 34.
Kh2 Nf1+ 35. Kg1 Ng3+ 36. Kh2 Nf1+ 37. Kg1 Ng3+ 38. Kh2 Nf1+ 1/2-1/2

[Event "64th ch-RUS HL w 2014"]
[Site "Vladivostok RUS"]
[Date "2014.06.08"]
[Round "5.13"]
[White "Dogodkina,J"]
[Black "Maltsevskaya,Aleksandra"]
[Result "1-0"]
[WhiteElo "2183"]
[BlackElo "2014"]
[EventDate "2014.06.04"]

1. e4 c5 2. Nf3 Nc6 3. d4 cxd4 4. Nxd4 g6 5. Nc3 Bg7 6. Be3 Nf6 7. Nxc6 bxc6 8.
e5 Ng8 9. Bd4 f6 10. f4 Qc7 11. Qd2 fxe5 12. fxe5 Bxe5 13. O-O-O Bf4 14. Be3
Bxe3 15. Qxe3 Nf6 16. Re1 Qd8 17. Qh6 Kf7 18. Bd3 d5 19. Rhf1 Rb8 20. h3 Qf8 21.
Qg5 Bd7 22. g4 Re8 23. Qe3 h6 24. Qxa7 Rd8 25. Re5 Qg7 26. Qc5 Rde8 27. Nxd5
cxd5 28. Qxd5+ e6 29. Qxd7+ Re7 30. Qc6 Rb8 31. Bc4 Kg8 32. Rxe6 Nd5 33. Rxg6 1-0

[Event "64th ch-RUS HL w 2014"]
[Site "Vladivostok RUS"]
[Date "2014.06.08"]
[Round "5.14"]
[White "Averchenko,Ekaterina"]
[Black "Solovyova,Anastasia"]
[Result "1-0"]
[WhiteElo "2199"]
[BlackElo "1878"]
[EventDate "2014.06.04"]

1. e4 e6 2. d4 d5 3. Nd2 Nf6 4. e5 Nfd7 5. Bd3 c5 6. c3 Nc6 7. Ne2 Qb6 8. Nf3
Be7 9. O-O O-O 10. Nf4 cxd4 11. cxd4 Nd8 12. a4 a5 13. Bb1 f5 14. exf6 Nxf6 15.
Ne5 Nc6 16. Nxc6 bxc6 17. Nh5 c5 18. Nxf6+ Bxf6 19. Qc2 g6 20. dxc5 Qc7 21. Bh6
Rf7 22. Ba2 Rb8 23. Rab1 Bd4 24. Be3 Be5 25. h3 Qc6 26. Bg5 Rfb7 27. b3 Rf7 28.
Rbd1 Ba6 29. Rfe1 Bg7 30. Bb1 Rbf8 31. Bh4 Bb7 32. Qe2 Bc3 33. Rf1 e5 34. Bg3 d4
35. f3 Qxc5 36. Qxe5 Qb4 37. Qb5 Qe7 38. Qe5 Qb4 39. Qe2 Bd5 40. Be4 Bxb3 41.
Rb1 Qxa4 42. Bd3 Re8 43. Be5 Qa2 44. Rxb3 Qxb3 45. Bc4 d3 46. Qxd3 Qb6+ 47. Kh1
Bxe5 48. Qd7 Rf8 49. Bxf7+ Rxf7 50. Qe8+ Rf8 51. Qxe5 a4 52. Qd5+ Kg7 53. Re1
Rf7 54. Qe5+ Qf6 55. Qa5 Qd4 56. Re4 Ra7 57. Qe1 Qd7 58. Qc3+ Kg8 59. Rd4 Qe6
60. Rd8+ Kf7 61. Qh8 Qe7 62. Qxh7+ Kf6 63. Qh8+ Kf7 64. Qg8+ Kf6 65. Rf8+ Kg5
66. Qd5+ Kh6 67. Rh8+ Kg7 68. Qd4+ Qf6 69. Rg8+ Kf7 70. Rf8+ 1-0

[Event "64th ch-RUS HL w 2014"]
[Site "Vladivostok RUS"]
[Date "2014.06.08"]
[Round "5.15"]
[White "Landina,N"]
[Black "Grigorian,Mar"]
[Result "0-1"]
[WhiteElo "1937"]
[BlackElo "2114"]
[EventDate "2014.06.04"]

1. c4 d6 2. d4 e5 3. e3 Nd7 4. Nc3 g6 5. Nf3 Bg7 6. Be2 Ngf6 7. Qc2 O-O 8. O-O
c6 9. b3 Re8 10. dxe5 dxe5 11. Bb2 e4 12. Nd2 Qe7 13. Rfe1 Nf8 14. f3 exf3 15.
Bxf3 Bf5 16. Qc1 N8d7 17. Nd1 Ne5 18. Nf2 Rad8 19. e4 Bh6 20. Rd1 Be3 21. Bxe5
Qxe5 22. exf5 Rxd2 23. Rxd2 Bxd2 24. Qf1 Qxf5 25. Qd3 Qe5 26. Rf1 Be3 27. Kh1
Bxf2 28. Rxf2 Qa1+ 29. Bd1 Re3 30. Qf1 Kg7 31. g3 Re7 32. Kg2 Qd4 33. Bf3 h5 34.
Qd1 Qc5 35. Re2 Rd7 36. Qg1 Rd4 37. Qe3 Qb6 38. Rd2 Rxd2+ 39. Qxd2 Qc5 40. Qd3
Qe5 41. Qe2 Qd6 42. Qd1 Qb4 43. Qd4 a5 44. Bd1 c5 45. Qb2 Qe1 46. Bf3 b6 47. a3
h4 48. g4 Qe3 49. h3 g5 50. a4 Qe1 51. Qf2 Qc3 52. Bd1 Ne4 53. Qf3 Qd2+ 54. Qe2
Qxe2+ 55. Bxe2 Kf6 56. Bd1 Ke5 57. Kf3 Kd4 58. Bc2 Nd2+ 59. Ke2 Kc3 60. Bd1 Nxb3
61. Ke3 Nd4 62. Ke4 Kd2 63. Ke5 Kxd1 64. Kf6 Nf3 65. Kxf7 Kd2 66. Ke6 Kd3 67.
Kd5 Ng1 0-1

[Event "64th ch-RUS HL w 2014"]
[Site "Vladivostok RUS"]
[Date "2014.06.08"]
[Round "5.16"]
[White "Mikhailova,L"]
[Black "Kostitsina,L"]
[Result "1-0"]
[WhiteElo "2049"]
[BlackElo "2101"]
[EventDate "2014.06.04"]

1. e4 e5 2. f4 exf4 3. Nf3 d5 4. exd5 Nf6 5. Nc3 Bd6 6. d4 O-O 7. Be2 c6 8. dxc6
Nxc6 9. O-O a6 10. Kh1 Re8 11. a3 Qc7 12. Bd3 Bg4 13. Ne2 b5 14. b3 Nd5 15. c4
bxc4 16. bxc4 Ne3 17. Bxe3 Rxe3 18. c5 Bf8 19. Qc2 g6 20. d5 Bxf3 21. Rxf3 Rxe2
22. Bxe2 Nd4 23. Qd3 Nxf3 24. Bxf3 Qxc5 25. d6 Rd8 26. d7 Bd6 27. Qe4 Qe5 28.
Qxe5 Bxe5 29. Rd1 Kf8 30. Bb7 Ke7 31. Bc8 f6 32. Kg1 Bd6 33. a4 h5 34. Kf2 g5
35. h3 g4 36. hxg4 hxg4 37. Rh1 Bc5+ 38. Ke2 Kd6 39. Rh5 Bb6 40. Rf5 f3+ 41.
gxf3 gxf3+ 42. Kxf3 Ke7 43. Ke4 Rh8 44. Kd5 Rh4 45. Kc6 Bd8 46. Rf1 Rc4+ 47. Kd5
Rxa4 48. Re1+ Kf7 49. Re8 Bb6 50. Kc6 Rb4 51. Bxa6 Ba5 52. Bb5 Rd4 53. Ra8 Ke6
54. Kc5 Rd5+ 55. Kc4 Bc7 56. Re8+ 1-0

[Event "64th ch-RUS HL w 2014"]
[Site "Vladivostok RUS"]
[Date "2014.06.08"]
[Round "5.17"]
[White "Chkhan,V"]
[Black "Khokhlova,Daria"]
[Result "1-0"]
[WhiteElo "2050"]
[BlackElo "2020"]
[EventDate "2014.06.04"]

1. d4 Nf6 2. Nf3 g6 3. c4 d5 4. cxd5 Nxd5 5. g3 Bg7 6. Bg2 O-O 7. O-O Nc6 8. Nc3
Nb6 9. e3 Re8 10. Re1 e5 11. d5 Nb4 12. e4 Bg4 13. a3 Na6 14. Qb3 Qd7 15. Be3
Bf8 16. Rac1 Nc5 17. Qc2 Rac8 18. Red1 Bd6 19. h4 a5 20. Nb1 Na6 21. Qd2 f5 22.
Qxa5 fxe4 23. Ng5 Bxd1 24. Nxe4 Rf8 25. Rxd1 Nc4 26. Qc3 Nxe3 27. Qxe3 b6 28. b4
Be7 29. Kh2 Rce8 30. Nbc3 Kg7 31. Bh3 Qd8 32. Ng5 Bxg5 33. hxg5 Nb8 34. Be6 Re7
35. Qxe5+ 1-0

[Event "64th ch-RUS HL w 2014"]
[Site "Vladivostok RUS"]
[Date "2014.06.10"]
[Round "6.1"]
[White "Girya,O"]
[Black "Pustovoitova,D"]
[Result "1-0"]
[WhiteElo "2479"]
[BlackElo "2336"]
[EventDate "2014.06.04"]

1. d4 d5 2. Nf3 Nf6 3. c4 c6 4. Nc3 e6 5. Bg5 dxc4 6. a4 Bb4 7. e4 Bxc3+ 8. bxc3
Qa5 9. e5 Ne4 10. Rc1 b5 11. Qc2 Nxg5 12. Nxg5 Qxa4 13. Qxa4 bxa4 14. Bxc4 Ba6
15. Bxa6 Nxa6 16. Ra1 Nc7 17. Rxa4 f5 18. Kd2 h6 19. Nh3 g5 20. f3 Kd7 21. Nf2
Rhb8 22. Nd3 a6 23. c4 Rb6 24. h4 g4 25. fxg4 Rg8 26. g5 hxg5 27. hxg5 Kc8 28.
Kc3 Kb8 29. Nc5 Rg7 30. Rb4 Rxb4 31. Kxb4 Ka7 32. Ka5 1-0